Eponymous Shakespeare Plays Quiz Stats

Quiz Updated Jan 12, 2012

Challenge
Share
Tweet
Embed
Score 0/23 Timer 06:00
1 Play Today
Genre Play % Correct
TragedyHamlet
91.8%
TragedyRomeo and Juliet
91.3%
TragedyMacbeth
86.9%
HistoryHenry V
82.4%
TragedyOthello
82.1%
TragedyKing Lear
80%
HistoryHenry VI, part 1
77.7%
HistoryHenry VI, part 2
77.7%
HistoryHenry VI, part 3
77.7%
HistoryRichard II
76.4%
HistoryRichard III
75.7%
HistoryHenry IV, part 1
72.8%
Genre Play % Correct
HistoryHenry IV, part 2
72.8%
TragedyJulius Caesar
70.8%
HistoryHenry VIII
69.1%
TragedyAntony and Cleopatra
62.7%
HistoryKing John
51.2%
TragedyTitus Andronicus
49.4%
TragedyTroilus and Cressida
39.8%
TragedyCoriolanus
39.3%
TragedyTimon of Athens
34.5%
TragedyCymbeline
30.5%
ComedyPericles, Prince of Tyre
25.7%

You're not logged in!

Compare scores with friends on all Sporcle quizzes.
Join for Free
OR
Log In

You Might Also Like...

Show Comments

Extras

Top Quizzes Today


Score Distribution

Your Account Isn't Verified!

In order to create a playlist on Sporcle, you need to verify the email address you used during registration. Go to your Sporcle Settings to finish the process.

Report this User

Report this user for behavior that violates our Community Guidelines.

Details: